000
00307nam a22001337a 4500
008
181220b xxu||||| |||| 00| 0 eng d
020
_a
9780132457583
041
_a
eng
080
_2
7th
_a
658
100
_a
54
101
_a
LID
245
_a
Supervision Police Personnel
_c
Whisenand,P.M
942
_2
udc
_c
BK
999
_c
53581
_d
53581